Rozpoznaj raperów SBM z piosenki Kamień po pseudonimach - Statystyki

Ogólne statystyki
  • Ten quiz został rozwiązany 769 razy
  • Średni wynik to 10 z 14
Statystyki odpowiedzi
Hint Odpowiedź % Poprawnych
Słoneczny Solar Solar
98%
Biały Białas
97%
Jan Jan Rapowanie
96%
Addy Aino Adi Nowak
89%
Badman420 Bedoes
89%
Misiek Mata
88%
Yah Yahoo Janusz Walczuk
85%
ESCE White 2115
82%
LNK Lanek
81%
ADI CNB Beteo
62%
Młody Bąk Kacperczyk
61%
MC Zakdlak Moli
45%
Dj Dżony Johnny
26%
Dobry Piotrek Piotrek
23%
Nie znaleziono quizów pasujących do podanych kryteriów
Rozkład punktacji
Procent ludzi z każdym wynikiem
Percentyl według liczby udzielonych odpowiedzi
Twoja historia wyników
Nie rozwiązałeś tego quizu